Коледни песни (Запис номер 315097)
[ съкратено ]
| 000 -Лидер | |
|---|---|
| Контролно поле с фиксирана дължина | 01978ncm a2200469 c 4500 |
| 003 - Код на организацията, давaща контролен номер | |
| Контролно поле | BLK |
| 005 - Дата и час на последна редакция | |
| Контролно поле | 20180422124044.0 |
| 008 - Елементи от данни с фиксирана дължина | |
| fixed length control field | 180414b bul |a|er|||| |0| c|bulo| |
| 010 ## - Наследен системен номер | |
| LC control number | NOT00003070000 |
| 040 ## - Източник на каталожния запис | |
| Идентификатор на билиотеката - собственик на записа | BLK |
| 041 ## - Код за език | |
| Код за езика на текст/звукозапис или на отделно заглавие | Български |
| Код за езика КДБФ | Български |
| 080 ## - УДК | |
| Текстов определител УДК | Детски песни |
| УДК код - определител по УДК | 784.67 |
| УДК определител | |
| УДК - код + определител | 784.67 |
| 139 ## - Редно поле | |
| Редна дума | Коледни песни |
| Авторски знак | Дре - Д 88 |
| 245 10 - Сведения за заглавието | |
| Заглавие | Коледни песни |
| Редно поле (дума) | комп. Андрей Петков Дреников. |
| 257 ## - Страна на издаване | |
| Страна на създаване/издаване | България |
| 260 ## - Област на издателските данни | |
| -- | София |
| Име на издателя, разпространителя и проч. | Музика |
| Година на издаване | 2000 |
| 300 ## - Физическа характеристика | |
| Страници | 48 с. |
| Размери/Мащаб | 30 см |
| 380 ## - Жанр | |
| Жанр | Изкуство |
| 500 ## - Общи забележки | |
| Забележка | Текстове на песните прев. и на англ. ез. |
| 505 ## - Форматирана забележка | |
| Авторската отговорност | текст Елисавета Багряна. |
| Заглавие | Коледна елха |
| 505 ## - Форматирана забележка | |
| Заглавие | Коледно звънче |
| 505 ## - Форматирана забележка | |
| Авторската отговорност | текст Димитър Спасов. |
| Заглавие | Рождество |
| 505 ## - Форматирана забележка | |
| Авторската отговорност | текст Веса Владимирова Паспалеева. |
| Заглавие | Снежинка |
| 505 ## - Форматирана забележка | |
| Заглавие | Коледа |
| 505 ## - Форматирана забележка | |
| Авторската отговорност | текст Димитър Спасов. |
| Заглавие | Сурвакари |
| 505 ## - Форматирана забележка | |
| Заглавие | Палавник |
| 505 ## - Форматирана забележка | |
| Авторската отговорност | текст Веса Владимирова Паспалеева. |
| Заглавие | Зимна песничка |
| 505 ## - Форматирана забележка | |
| Авторската отговорност | текст Жива Кюлджиева. |
| Заглавие | Коледна приказка |
| 505 ## - Форматирана забележка | |
| Авторската отговорност | текст Матей Стоянов. |
| Заглавие | Коледен сладкиш |
| 505 ## - Форматирана забележка | |
| Авторската отговорност | текст Елисавета Багряна. |
| Заглавие | Снежинки |
| 505 ## - Форматирана забележка | |
| Авторската отговорност | текст Матей Стоянов. |
| Заглавие | По-накратко |
| 505 ## - Форматирана забележка | |
| Авторската отговорност | текст Йордан Стубел. |
| Заглавие | Рождествена нощ |
| 650 #4 - Допълнително описание по предмет – тема | |
| Основно описание – тема или топоним | Песни, детски |
| 9 (RLIN) | 317140 |
| 653 ## - Ключова дума – ненормативна | |
| Ключова дума | детски песни |
| 653 ## - Ключова дума – ненормативна | |
| Ключова дума | коледни песни |
| 700 1# - Други автори (авторска отговорност) | |
| Лично име | Дреников, Андрей Петков |
| Автороска отговорност (Описва отношението между автора и произведението) | комп. |
| 9 (RLIN) | 389175 |
| 852 ## - Местоположение | |
| Форматна сигнатура | Цб М ІІ 11783 |
| Част | 13 |
| 856 4# - Електронен адрес и достъп | |
| Електронен формат | pdf - файл |
| Път до файла /url/ | |
| 856 4# - Електронен адрес и достъп | |
| Електронен формат | pdf - файл |
| Път до файла /url/ | |
| 942 ## - АРТИКУЛИ | |
| Вид на библиотечния материал | Нотни издания |
| Скрит в OPAC | Не |
| 944 ## - СЪЗДАВАНЕ И РЕДАКЦИЯ на ЗАПИСА | |
| Създаване/Редакция | Създаване |
| Дата на регистрацията/редакция | 14.12.2009 |
| Служител, извършил регистрацията/редакцията | Ирена_Линкова |
| 944 ## - СЪЗДАВАНЕ И РЕДАКЦИЯ на ЗАПИСА | |
| Създаване/Редакция | Редакция |
| Дата на регистрацията/редакция | 30.01.2010 |
| Служител, извършил регистрацията/редакцията | |
| 999 ## - СИСТЕМНИ КОНТРОЛНИ НОМЕРА | |
| Koha biblionumber | 315097 |
| Koha biblioitemnumber | 315097 |
| Код за отписване | Код за изгубен артикул | Източник на класификационната схема | Код за повреда | Коз за рестрикции | Код за отдаване | Артикулен № | Име на библиотеката - собственик | Име на библиотеката, в която се намира в момента | Статус (Текущо местоположение) | Дата на вписване в системата | Местоположение - отдел | Цена в лева | Инвентарен номер | Систематично азбучна сигнатура | Баркод | Номер на екземпляра | Цена в евро | Служебна бележка | Служебен тип на артикула |
|---|---|---|---|---|---|---|---|---|---|---|---|---|---|---|---|---|---|---|---|
| Не е изгубен | Universal Decimal Classification | Не е повреден | само за читалня | ползва се в читалня | 667879 | Регионална библиотека "Любен Каравелов" Русе | Регионална библиотека "Любен Каравелов" Русе | Хранилище | 2009-12-14 | Основен фонд - ползва се само за читалня | 5.15 | 170000003943 | Цб М ІІ 11783 | 170000003943 | 1 | 2.63 | Дост: Pk Вид: Ф N: 893 Дата: 11.12.2009 Бележки инв: Валя_Йорда Съставил: Валя_Йорданова | Нотни издания |